[Event "Wloclawek CC Classic 13th"]
[Site "Wloclawek"]
[Date "2015.??.??"]
[Round "4"]
[White "Cichocka, Katarzyna"]
[Black "Oborski, Zbigniew"]
[Result "1/2-1/2"]
[WhiteElo "1430"]
[BlackElo "1400"]
[PlyCount "91"]
[EventDate "2015.04.??"]
[EventType "swiss"]
[EventRounds "7"]
[EventCountry "POL"]
[SourceTitle "EXT 2021"]
[Source "ChessBase"]
[SourceDate "2020.10.23"]
[SourceVersion "1"]
[SourceVersionDate "2020.10.23"]
[SourceQuality "1"]

1. e4 e5 2. d4 d6 3. dxe5 dxe5 4. Qxd8+ Kxd8 5. Bc4 Nc6 6. Bxf7 Nf6 7. Bg5 Be7 8. Nc3 h6 9. Bxf6 gxf6 10. 0-0-0+ Bd6 11. Nge2 Ke7 12. Bh5 Be6 13. a3 a6 14. Nd5+ Bxd5 15. exd5 Nd8 16. Ng3 Nf7 17. Nf5+ Kf8 18. Nxd6 Nxd6 19. Rhe1 Rg8 20. g3 Ke7 21. Bf3 Rg5 22. Re2 Rd8 23. Bg2 Kf7 24. h4 Rg4 25. Bf3 Rc4 26. Bh5+ Kg7 27. b3 Re4 28. Red2 Nb5 29. Bf3 Rd4 30. Rxd4 Nxd4 31. Bg2 f5 32. Kb2 b6 33. c3 Nb5 34. Bf1 c6 35. c4 Na7 36. Kc2 cxd5 37. cxd5 a5 38. a4 Nc8 39. Bc4 Nd6 40. Re1 e4 41. Kc3 Kf6 42. Re3 Re8 43. Re2 Kf7 44. Kd4 Kf6 45. Rb2 Rc8 46. Re2 1/2-1/2

[Event "Wloclawek CC Classic 10th"]
[Site "Wloclawek"]
[Date "2014.??.??"]
[Round "2"]
[White "Felski, Krzysztof"]
[Black "Oborski, Zbigniew"]
[Result "1-0"]
[WhiteElo "1800"]
[BlackElo "1400"]
[PlyCount "99"]
[EventDate "2014.04.??"]
[EventType "swiss"]
[EventRounds "7"]
[EventCountry "POL"]
[SourceTitle "EXT 2021"]
[Source "ChessBase"]
[SourceDate "2020.10.23"]
[SourceVersion "1"]
[SourceVersionDate "2020.10.23"]
[SourceQuality "1"]

1. d4 e6 2. c4 Bb4+ 3. Bd2 Bxd2+ 4. Qxd2 b6 5. g3 Bb7 6. Nf3 f6 7. Bg2 Ne7 8. Nc3 c6 9. e4 0-0 10. 0-0 Ng6 11. Rfd1 Na6 12. d5 e5 13. dxc6 Bxc6 14. Bh3 Nc5 15. Qe3 Rf7 16. b4 Na4 17. Be6 Nxc3 18. Qxc3 Qe7 19. Bxf7+ Qxf7 20. Qd3 Nf8 21. b5 Bb7 22. Nd2 Ne6 23. Nb3 Rd8 24. f3 Qe7 25. Qd6 Qxd6 26. Rxd6 Ng5 27. Kf2 Bxe4 28. Ke3 Bxf3 29. h4 Nf7 30. Rd2 Bg4 31. c5 Be6 32. Rc1 d5 33. cxd6 Nxd6 34. Kf3 e4+ 35. Kf2 e3+ 36. Kxe3 Nc4+ 37. Rxc4 Rxd2 38. Nxd2 Bxc4 39. Nxc4 Kf8 40. Kd4 Ke7 41. a4 g5 42. h5 Kd7 43. a5 bxa5 44. Nxa5 h6 45. g4 Kd6 46. Nc6 a6 47. bxa6 Kc7 48. a7 Kb7 49. Ke4 f5+ 50. Kxf5 1-0

[Event "Wloclawek CC Classic 09th"]
[Site "Wloclawek"]
[Date "2014.??.??"]
[Round "7"]
[White "Oborski, Zbigniew"]
[Black "Lapinski, Jerzy"]
[Result "1/2-1/2"]
[WhiteElo "1400"]
[BlackElo "1800"]
[PlyCount "46"]
[EventDate "2014.03.??"]
[EventType "swiss"]
[EventRounds "7"]
[EventCountry "POL"]
[SourceTitle "EXT 2021"]
[Source "ChessBase"]
[SourceDate "2020.10.23"]
[SourceVersion "1"]
[SourceVersionDate "2020.10.23"]
[SourceQuality "1"]

1. d4 Nf6 2. Nf3 e6 3. c4 d5 4. cxd5 exd5 5. Nc3 Bd6 6. g3 c6 7. Bg2 0-0 8. 0-0 Re8 9. Qc2 Bg4 10. Bg5 Nbd7 11. Bxf6 Nxf6 12. Rfe1 Qc7 13. e4 dxe4 14. Nxe4 Nxe4 15. Rxe4 Rxe4 16. Qxe4 Bxf3 17. Qxf3 Re8 18. Rd1 Qb6 19. b3 Qb4 20. d5 c5 21. Qf5 Re1+ 22. Rxe1 Qxe1+ 23. Bf1 Qe8 1/2-1/2

[Event "Wloclawek CC Classic 09th"]
[Site "Wloclawek"]
[Date "2014.??.??"]
[Round "1"]
[White "Oborski, Zbigniew"]
[Black "Rafalski, Kacper"]
[Result "0-1"]
[WhiteElo "1400"]
[BlackElo "1321"]
[PlyCount "86"]
[EventDate "2014.03.??"]
[EventType "swiss"]
[EventRounds "7"]
[EventCountry "POL"]
[SourceTitle "EXT 2021"]
[Source "ChessBase"]
[SourceDate "2020.10.23"]
[SourceVersion "1"]
[SourceVersionDate "2020.10.23"]
[SourceQuality "1"]

1. d4 d5 2. g3 Nf6 3. Bg2 g6 4. Nf3 Bg7 5. 0-0 0-0 6. Bf4 b6 7. Nc3 Bb7 8. e3 c5 9. Nb5 Na6 10. c3 Nh5 11. Re1 Nxf4 12. exf4 Nc7 13. Qe2 Nxb5 14. Qxb5 cxd4 15. Nxd4 Bxd4 16. cxd4 e6 17. Bf1 Qd6 18. a3 Rfc8 19. Bd3 Qc6 20. Qb4 Qd7 21. Kg2 Rc7 22. Rac1 Rac8 23. Rxc7 Rxc7 24. Re2 Qe7 25. Qa4 Bc6 26. Bb5 Qd7 27. Bxc6 Qxc6 28. Qxc6 Rxc6 29. Kf3 Rc4 30. Rd2 Kg7 31. Ke3 Kf6 32. f3 h6 33. Kd3 g5 34. Ke3 h5 35. h4 gxh4 36. gxh4 Rc1 37. Rg2 Rh1 38. Kf2 Rxh4 39. Kg3 Rh1 40. Rh2 Rxh2 41. Kxh2 Kf5 42. Kg3 h4+ 43. Kxh4 Kxf4 0-1

[Event "Wloclawek-ch"]
[Site "Wloclawek"]
[Date "2013.??.??"]
[Round "3"]
[White "Bedzinski, Marian"]
[Black "Oborski, Zbigniew"]
[Result "1-0"]
[WhiteElo "1800"]
[BlackElo "1400"]
[PlyCount "81"]
[EventDate "2013.09.??"]
[EventType "swiss"]
[EventRounds "9"]
[EventCountry "POL"]
[SourceTitle "EXT 2021"]
[Source "ChessBase"]
[SourceDate "2020.10.23"]
[SourceVersion "1"]
[SourceVersionDate "2020.10.23"]
[SourceQuality "1"]

1. d4 Nf6 2. c3 e6 3. Nf3 Be7 4. Qc2 b6 5. e4 Ba6 6. Bxa6 Nxa6 7. e5 Ng8 8. 0-0 h6 9. Nbd2 c5 10. a3 Rc8 11. Qa4 Nb8 12. Qxa7 b5 13. Qb7 b4 14. axb4 cxb4 15. c4 Rc7 16. Qb5 Qc8 17. c5 Rb7 18. Qc4 Nc6 19. b3 Qb8 20. Bb2 f6 21. Ra4 Bd8 22. Ne4 Bc7 23. Nd6+ Bxd6 24. exd6 Nd8 25. Rfa1 Qc8 26. Ra8 Rb8 27. R8a7 Qc6 28. Rc7 Qd5 29. Qxd5 exd5 30. Re1+ Kf7 31. Rxd7+ Kg6 32. Re8 Nc6 33. Rxb8 Nxb8 34. Rc7 h5 35. Rc8 Nd7 36. c6 Nb6 37. Rb8 Kh7 38. Rxb6 Nh6 39. Rxb4 Nf7 40. d7 Ra8 41. g3 1-0

[Event "Wloclawek-ch"]
[Site "Wloclawek"]
[Date "2013.??.??"]
[Round "1"]
[White "Oborski, Zbigniew"]
[Black "Lebiedzinski, Maciej"]
[Result "0-1"]
[WhiteElo "1400"]
[BlackElo "1800"]
[PlyCount "90"]
[EventDate "2013.09.??"]
[EventType "swiss"]
[EventRounds "9"]
[EventCountry "POL"]
[SourceTitle "EXT 2021"]
[Source "ChessBase"]
[SourceDate "2020.10.23"]
[SourceVersion "1"]
[SourceVersionDate "2020.10.23"]
[SourceQuality "1"]

1. Nf3 Nf6 2. d4 d5 3. Bf4 g6 4. Be5 Bg7 5. e3 0-0 6. Nc3 c6 7. Bd3 Nbd7 8. Bf4 b6 9. 0-0 Bb7 10. Re1 Re8 11. Ne5 Nh5 12. Nxf7 Kxf7 13. Bg5 Nhf6 14. Qf3 c5 15. Nb5 a6 16. Na3 c4 17. Bf1 Kg8 18. Qh3 Nf8 19. b3 b5 20. c3 Ne4 21. Bh6 Bc8 22. g4 Qd6 23. Nb1 Bxg4 24. Qxg4 Bxh6 25. Bg2 Nf6 26. Qh3 Kg7 27. Nd2 Rad8 28. f4 Qe6 29. Qh4 Qg4 30. Qf2 Rd6 31. h3 Qd7 32. Rab1 Qf5 33. Bf1 N8d7 34. b4 Ne4 35. Nxe4 dxe4 36. Rb2 Nf6 37. Qh4 Qh5 38. Qg3 Qf5 39. Rf2 Rg8 40. Be2 Kf7 41. Bg4 Qd5 42. Qh4 Bg7 43. Ref1 h6 44. f5 g5 45. Bh5+ Kf8 0-1

[Event "Wloclawek-ch"]
[Site "Wloclawek"]
[Date "2012.??.??"]
[Round "4"]
[White "Oborski, Zbigniew"]
[Black "Bedzinski, Marian"]
[Result "0-1"]
[WhiteElo "1400"]
[BlackElo "1600"]
[PlyCount "79"]
[EventDate "2012.09.??"]
[EventType "swiss"]
[EventRounds "9"]
[EventCountry "POL"]
[SourceTitle "EXT 2021"]
[Source "ChessBase"]
[SourceDate "2020.10.23"]
[SourceVersion "1"]
[SourceVersionDate "2020.10.23"]
[SourceQuality "1"]

1. d4 d5 2. Nf3 Bf5 3. c4 h6 4. e3 e6 5. a3 Nf6 6. Bd3 Bxd3 7. Qxd3 Be7 8. Nbd2 0-0 9. 0-0 dxc4 10. Nxc4 c6 11. Re1 Nbd7 12. e4 b5 13. Nce5 Nxe5 14. Nxe5 Rc8 15. Re3 a6 16. Rg3 Kh8 17. Bxh6 gxh6 18. Qe3 Kh7 19. Rh3 Ng8 20. Ng4 Bg5 21. f4 f5 22. Nf2 Bf6 23. Rd1 Bg7 24. e5 Qe7 25. Qg3 Rf7 26. Rh5 Bf8 27. Nh3 Rg7 28. Ng5+ Kh8 29. Qh4 Rg6 30. Rd3 Rd8 31. g4 c5 32. gxf5 exf5 33. d5 Qa7 34. Kf1 c4 35. Qf2 Qxf2+ 36. Kxf2 cxd3 37. d6 Kg7 38. Nf3 Bxd6 39. exd6 Rdxd6 40. Rxf5 0-1

[Event "Wloclawek CC Classic 04th"]
[Site "Wloclawek"]
[Date "2012.??.??"]
[Round "4"]
[White "Oborski, Zbigniew"]
[Black "Lebiedzinski, Maciej"]
[Result "1/2-1/2"]
[WhiteElo "1200"]
[BlackElo "1800"]
[PlyCount "118"]
[EventDate "2012.04.??"]
[EventType "swiss"]
[EventRounds "7"]
[EventCountry "POL"]
[SourceTitle "EXT 2021"]
[Source "ChessBase"]
[SourceDate "2020.10.23"]
[SourceVersion "1"]
[SourceVersionDate "2020.10.23"]
[SourceQuality "1"]

1. Nc3 Nf6 2. d4 d5 3. Bg5 Nbd7 4. e3 g6 5. Bxf6 Nxf6 6. Nf3 Bg7 7. Bd3 0-0 8. Ng5 c6 9. Ne2 Qd6 10. a3 Bd7 11. c4 Rfe8 12. c5 Qc7 13. Qc2 b6 14. Nf4 bxc5 15. h4 c4 16. Be2 Bf5 17. Qd1 Qa5+ 18. Qd2 Qxd2+ 19. Kxd2 h6 20. Nf3 Reb8 21. Ra2 Ne4+ 22. Ke1 c3 23. Nd3 Rb3 24. Bd1 Rb6 25. b4 f6 26. Ng1 e5 27. Ne2 Nd6 28. Nc5 Bb1 29. Ra1 c2 30. Bxc2 Bxc2 31. Nd7 exd4 32. Nxd4 Ba4 33. Nxb6 axb6 34. Rc1 Nc4 35. Ke2 Re8 36. Rh3 f5 37. Rg3 Kf7 38. Nf3 f4 39. Rg4 fxe3 40. fxe3 Rxe3+ 41. Kf2 Re4 42. Rxe4 dxe4 43. Rxc4 exf3 44. Kxf3 Bb2 45. b5 Bxb5 46. Rf4+ Kg7 47. a4 Bxa4 48. Rxa4 b5 49. Ra6 c5 50. Ra5 b4 51. Rxc5 Bc3 52. Ke4 Kf6 53. Kf4 g5+ 54. hxg5+ hxg5+ 55. Ke4 Be1 56. g4 Bd2 57. Kd3 Bc3 58. Kc2 Bd4 59. Rf5+ Kg6 1/2-1/2

[Event "Wloclawek-ch"]
[Site "Wloclawek"]
[Date "2012.??.??"]
[Round "8"]
[White "Oborski, Zbigniew"]
[Black "Lyczko, Piotr"]
[Result "1-0"]
[WhiteElo "1400"]
[BlackElo "1400"]
[PlyCount "67"]
[EventDate "2012.09.??"]
[EventType "swiss"]
[EventRounds "9"]
[EventCountry "POL"]
[SourceTitle "EXT 2021"]
[Source "ChessBase"]
[SourceDate "2020.10.23"]
[SourceVersion "1"]
[SourceVersionDate "2020.10.23"]
[SourceQuality "1"]

1. d4 d5 2. Nf3 Nf6 3. Bf4 e6 4. e3 Be7 5. c4 0-0 6. Bd3 dxc4 7. Bxc4 Nbd7 8. 0-0 Nd5 9. Bg3 N7f6 10. Bd3 c6 11. a3 c5 12. e4 Nb6 13. e5 Nfd7 14. Re1 cxd4 15. Nxd4 f6 16. Nxe6 Qe8 17. Nxf8 Qxf8 18. e6 Nc5 19. Bf5 Nc4 20. b4 Na6 21. Qc2 Ne5 22. Bxe5 fxe5 23. Bxh7+ Kh8 24. Rxe5 Bf6 25. e7 Qe8 26. Bg6 Bxe5 27. Bxe8 Bxa1 28. Nc3 Bxc3 29. Qxc3 Be6 30. b5 Rxe8 31. bxa6 Rxe7 32. h3 b6 33. Qd4 Rd7 34. Qe4 1-0

[Event "Wloclawek CC Classic 03rd"]
[Site "Wloclawek"]
[Date "2012.??.??"]
[Round "4"]
[White "Oborski, Zbigniew"]
[Black "Wieckowska, Oliwia"]
[Result "1-0"]
[WhiteElo "1200"]
[BlackElo "1100"]
[PlyCount "75"]
[EventDate "2012.02.??"]
[EventType "swiss"]
[EventRounds "7"]
[EventCountry "POL"]
[SourceTitle "EXT 2021"]
[Source "ChessBase"]
[SourceDate "2020.10.23"]
[SourceVersion "1"]
[SourceVersionDate "2020.10.23"]
[SourceQuality "1"]

1. Nc3 e5 2. Nf3 Nc6 3. e4 Nf6 4. Bb5 a6 5. Bxc6 bxc6 6. Nxe5 d5 7. f3 Bc5 8. d4 Bb4 9. Nxc6 Qd6 10. Nxb4 Qxb4 11. Qd2 Bb7 12. 0-0 0-0 13. e5 Ne4 14. fxe4 dxe4 15. Nxe4 Qxd2 16. Nxd2 Rad8 17. c3 Bc6 18. b3 a5 19. Ba3 a4 20. Bxf8 Rxf8 21. b4 Bb5 22. c4 Bd7 23. b5 a3 24. Nb1 c6 25. Nxa3 cxb5 26. Nxb5 Bxb5 27. cxb5 Rb8 28. a4 Rd8 29. Rfd1 Rb8 30. d5 Rd8 31. d6 Rb8 32. d7 Rd8 33. Rac1 h6 34. Rc8 Rxc8 35. dxc8Q+ Kh7 36. Qf5+ g6 37. Qxf7+ Kh8 38. Rd8# 1-0

[Event "Wloclawek CC Classic 04th"]
[Site "Wloclawek"]
[Date "2012.??.??"]
[Round "7"]
[White "Wieckowska, Oliwia"]
[Black "Oborski, Zbigniew"]
[Result "0-1"]
[WhiteElo "1100"]
[BlackElo "1200"]
[PlyCount "76"]
[EventDate "2012.04.??"]
[EventType "swiss"]
[EventRounds "7"]
[EventCountry "POL"]
[SourceTitle "EXT 2021"]
[Source "ChessBase"]
[SourceDate "2020.10.23"]
[SourceVersion "1"]
[SourceVersionDate "2020.10.23"]
[SourceQuality "1"]

1. e4 e5 2. Nf3 d6 3. Nc3 Bd7 4. d4 Nc6 5. Be3 Be7 6. Bd3 Bg4 7. h3 Bxf3 8. Qxf3 exd4 9. Bxd4 Nxd4 10. Qe3 Ne6 11. 0-0 a6 12. Rae1 Bg5 13. Qe2 Ne7 14. e5 d5 15. Nb1 c6 16. Nd2 g6 17. Nf3 Bh6 18. c3 Nf5 19. Bc2 Qb6 20. b3 0-0-0 21. c4 Nf4 22. Qd2 Nxh3+ 23. gxh3 Bxd2 24. Nxd2 Rhe8 25. Re2 Nd4 26. Ree1 Nxc2 27. Rc1 Nb4 28. a3 Nd3 29. Rc3 Nxe5 30. Re1 dxc4 31. Nxc4 Nxc4 32. bxc4 Rxe1+ 33. Kg2 Qb2 34. Rg3 Rd2 35. Rf3 Ree2 36. Kg3 Qe5+ 37. Kg4 Re4+ 38. Rf4 Qxf4# 0-1